The presiding officers in the United Nations. (Record no. 183814)
[ view plain ]
| 000 -LEADER | |
|---|---|
| fixed length control field | 00793cam3a220025300 4500 |
| 001 - CONTROL NUMBER | |
| control field | lce00622262 |
| 005 - DATE AND TIME OF LATEST TRANSACTION | |
| control field | 20190830102730.0 |
| 008 - FIXED-LENGTH DATA ELEMENTS--GENERAL INFORMATION | |
| fixed length control field | 731001s1967 ne b 000 0 eng |
| 010 ## - LIBRARY OF CONGRESS CONTROL NUMBER | |
| LC control number | 67099158 //r92 |
| 015 ## - NATIONAL BIBLIOGRAPHY NUMBER | |
| National bibliography number | Ne67-26 |
| 035 ## - SYSTEM CONTROL NUMBER | |
| System control number | (Sirsi) r110773 |
| 035 ## - SYSTEM CONTROL NUMBER | |
| System control number | (DLC) 67099158 //r92 |
| 035 ## - SYSTEM CONTROL NUMBER | |
| System control number | (UPRA)lce00622262 |
| 040 ## - CATALOGING SOURCE | |
| Original cataloging agency | DLC |
| Transcribing agency | DLC |
| Modifying agency | DLC |
| 050 00 - LIBRARY OF CONGRESS CALL NUMBER | |
| Classification number | JX1977 |
| Item number | .W46 |
| 082 00 - DEWEY DECIMAL CLASSIFICATION NUMBER | |
| Classification number | 341.13 |
| 100 1# - MAIN ENTRY--PERSONAL NAME | |
| Personal name | Werners, S. E. (Siegfried E.) |
| Fuller form of name | Werners, S. E. (Siegfried E.) |
| Linkage | A70773.1 |
| 245 14 - TITLE STATEMENT | |
| Title | The presiding officers in the United Nations. |
| Statement of responsibility, etc. | By S. E. Werners. |
| 260 ## - PUBLICATION, DISTRIBUTION, ETC. | |
| Place of publication, distribution, etc. | Haarlem, |
| Name of publisher, distributor, etc. | F. Bohn, |
| Date of publication, distribution, etc. | 1967. |
| 504 ## - BIBLIOGRAPHY, ETC. NOTE | |
| Bibliography, etc. note | Bibliography: p. [201]-204. |
| 610 20 - SUBJECT ADDED ENTRY--CORPORATE NAME | |
| Corporate name or jurisdiction name as entry element | United Nations. |
| Linkage | S220.2 |
| 949 ## - LOCAL PROCESSING INFORMATION (OCLC) | |
| a | JX1977 |
| w | lcc |
| i | 33729001782015 |
| m | MAIN |
| p | 2500 |
| t | BOOK |
| l | ON-SHELF |
No items available.